000 00402nam a2200169Ia 4500
008 210210b1940 xxu||||| |||| 00| 0 eng d
041 _aeng
082 _a825/321
100 _aEVANS (B I)
245 _aTradition and romanticism
260 _aLondon
_bMethuen & Co Ltd.
_c1940
650 _aTradition
650 _aromanticism
650 _aand
690 _aEnglish Criticism
906 _a014638
999 _c133853
_d133853